MARC

LEADER 00000nam1a2200000 4500
001 168885
005 20231031163243.0
020 |a RU  |b 87-31296 
035 |a (RuTPU)RU\TPU\book\183205 
090 |a 168885 
100 |a 20091103d1987 m y0rusy5003 ca 
101 0 |a rus 
200 1 |a Тайна Марухского ледника  |f В. Г. Гнеушев, А. Л. Попутько  |g авт. предисл. И. В. Тюленев 
205 |a 6-е изд., испр. 
210 |a Москва  |c Советская Россия  |d 1987 
215 |a 493,[2] с., [25] л. ил.  |c ил.  |d 21 см 
610 1 |a Великая Отечественная война 1941-1945 гг. 
610 1 |a партизанское движение 
610 1 |a кавказский фронт 
686 |a Т3(2)722  |2 rubbk 
700 1 |a Гнеушев  |b В. Г.  |g Владимир Григорьевич  |4 070 
701 1 |a Попутько  |b А. Л.  |g Андрей Лаврентьевич  |4 070 
702 1 |a Тюленев  |b И. В.  |4 080 
801 0 |a RU  |b RuMRKP  |c 19950417  |g psbo 
801 1 |a RU  |b 63413507  |c 20091103 
801 2 |a RU  |b 63413507  |c 20140228  |g RCR 
942 |c BK